[Event "MCR mladeze 2019 - D14"]
[Site "Kouty nad Desnou"]
[Date "2019.03.16"]
[Round "9"]
[White "Semova, Lada"]
[Black "Merinska, Julie"]
[Result "1-0"]
[WhiteElo "1441"]
[BlackElo "1044"]
[EventDate "2019.03.09"]

1. d4  d5  2. c4  e5
3. dxe5  d4  4. Nf3
Nc6  5. h3  Nge7
6. e3  dxe3  7. Qxd8+
Nxd8  8. Bxe3  Ndc6
9. Nc3  Be6  10. O-O-O
Ng6  11. Nb5  Rc8
12. b3  a6  13. Nc3
Ncxe5  14. Nxe5  Nxe5
15. g3  Bf5  16. Kb2
Nc6  17. Bg2  Be7
18. f4  h5  19. Nd5
b5  20. Nxe7  Nxe7
21. Bb7  Rd8  22. Rxd8+
Kxd8  23. Bxa6  bxc4
24. Bxc4  f6  25. Rd1+
Kc8  26. h4  Re8
27. Bf7  Rh8  28. a4
Nc6  29. Rc1  Be4
30. Rc4  Bf3  31. b4
Rd8  32. b5  Na5
33. Rd4  Rf8  34. Be6+
Kb8  35. Bd2  Re8
36. Bf7  Re2  37. Kc3
Re7  38. Bg6  Nb7
39. Kc2  Re2  40. Kc3
Rg2  41. Rd3  Be2
42. Re3  Nd6  43. Bd3
Bxd3  44. Kxd3  Nf5
45. Re8+  Kb7  46. Rh8
Rxg3+  47. Ke4  Nd6+
48. Kd4  g6  49. Rf8
f5  50. Bb4  Rg4
51. Bxd6  cxd6  52. a5
Rxf4+  53. Kd5  Rxh4
54. a6+  Kb6  55. Rb8+
Ka7  56. Rb7+  Ka8
57. b6  Ra4  58. Rg7
Ra5+  59. Kc6  Rxa6
60. Rg8#  1-0

[Event "MCR mladeze 2019 - D14"]
[Site "Kouty nad Desnou"]
[Date "2019.03.16"]
[Round "9"]
[White "Jirotova, Eliska"]
[Black "Hosova, Sandra"]
[Result "0-1"]
[WhiteElo "1250"]
[BlackElo "1148"]
[EventDate "2019.03.09"]

1. e4 e5 2. d4 exd4 3. Qxd4 Nc6 4. Qe3 b6 5. Nc3 Bc5 6. Qg3 Nf6 7. Bg5 h6 8. Bf4
d6 9. Bb5 Bb7 10. O-O-O g5 11. Be3 Bxe3+ 12. Qxe3 Ng4 13. Qe2 Qd7 14. Nd5 O-O-O
15. h3 Nge5 16. Nf3 Qe6 17. Nxe5 Nxe5 18. g3 c6 19. f4 Nd7 20. Qc4 Nc5 21. f5
Qxe4 22. Qxe4 Nxe4 23. Ne7+ Kd7 24. Rde1 cxb5 25. f6 Nxf6 26. Rhf1 Rde8 27. Rxf6
Rxe7 28. Rd1 d5 29. Rdf1 Rh7 30. a3 Bc6 31. c3 Kc7 32. Kd2 Be8 33. Kd3 Re4 34.
R1f5 Bc6 35. Rxf7+ Rxf7 36. Rxf7+ Bd7 37. Rf6 Re6 38. Rf7 a5 39. b3 Kd6 40. Kd4
Re4+ 41. Kd3 Bxh3 42. Rf6+ Re6 43. Rf8 Bg2 44. Rf2 Be4+ 45. Kd4 Ke7 46. Ke3 Bc2+
47. Kd2 Bxb3 0-1

[Event "MCR mladeze 2019 - D14"]
[Site "Kouty nad Desnou"]
[Date "2019.03.16"]
[Round "9"]
[White "Glasbergerova, Lucie"]
[Black "Vlachynska, Lilian"]
[Result "0-1"]
[WhiteElo "1138"]
[BlackElo "1108"]
[EventDate "2019.03.09"]

1. e4 e5 2. Nf3 Nc6 3. Bc4 Nf6 4. c3 Bc5 5. d4 exd4 6. cxd4 Bb4+ 7. Bd2 Nxe4 8.
Bxb4 Nxb4 9. Qb3 d5 10. Qxb4 dxc4 11. Qxc4 O-O 12. O-O Be6 13. Qc2 Nf6 14. Nc3
Qd7 15. Rfe1 Rfe8 16. Rad1 Rad8 17. Ne5 Qd6 18. a3 Qb6 19. Ne2 Bb3 20. Qc3 Bxd1
21. Rxd1 Rxe5 22. Qc2 Re7 23. h3 Rde8 24. Nc3 Re1+ 25. Rxe1 Rxe1+ 26. Kh2 Qd6+
27. g3 Ng4+ 28. Kg2 Nf6 29. Qd2 Re8 30. Kg1 h6 31. Kh2 Rd8 32. Ne2 c5 33. Qa5
cxd4 34. Qxa7 d3 35. Nc3 Qc6 36. Qe3 d2 37. Qe2 Ne4 38. Nd1 Qc1 39. Kg2 Qc6 40.
Kh2 Qd5 41. Kg1 Rc8 42. Kh2 Rc1 43. Ne3 Qd4 44. Nd1 Rxd1 45. Qxd1 Qxf2+ 46. Kh1
Nxg3# 0-1

[Event "MCR mladeze 2019 - D14"]
[Site "Kouty nad Desnou"]
[Date "2019.03.16"]
[Round "9"]
[White "Nespora, Tatana"]
[Black "Pluharova, Asja"]
[Result "1/2-1/2"]
[WhiteElo "1319"]
[BlackElo "1143"]
[EventDate "2019.03.09"]

1. e4  c5  2. Nf3  d6
3. d4  cxd4  4. Nxd4
Nf6  5. Nc3  e6
6. Bg5  Be7  7. f4  Nc6
8. Nxc6  bxc6  9. Qf3
O-O  10. O-O-O  d5
11. Qg3  Kh8  12. h4
h6  13. Be2  Qc7
14. e5  Ne4  15. Nxe4
dxe4  16. Qg4  f6
17. Bxh6  gxh6  18. Qg6
fxe5  19. Qxh6+  Kg8
20. Qg6+  Kh8  21. Qh6+
1/2-1/2

[Event "MCR mladeze 2019 - D14"]
[Site "Kouty nad Desnou"]
[Date "2019.03.16"]
[Round "9"]
[White "Zilava, Anezka"]
[Black "Holaskova, Marketa"]
[Result "1-0"]
[WhiteElo "1267"]
[BlackElo "1184"]
[EventDate "2019.03.09"]

1. e4  e5  2. Nf3  Nc6
3. Bc4  Nf6  4. Nc3
Bb4  5. a3  Bxc3
6. dxc3  O-O  7. Bg5
d6  8. Qd2  Be6
9. Bb3  Bxb3  10. cxb3  Qe7
11. O-O  Qe6  12. Bxf6
Qxf6  13. Qd5  Rab8
14. Rfe1  Qe6  15. c4
a6  16. Rac1  Ne7
17. Qa5  c6  18. Qd2
d5  19. exd5  cxd5
20. Rxe5  Qf6  21. cxd5
Rfd8  22. Rce1  Ng6
23. R5e4  h6  24. Ne5
Nxe5  25. Rxe5  Rd7
26. Qd3  Rc8  27. Re8+
Rxe8  28. Rxe8# 1-0

[Event "MCR mladeze 2019 - D16"]
[Site "Kouty nad Desnou"]
[Date "2019.03.16"]
[Round "9"]
[White "Otrubova, Kristyna"]
[Black "Laurincova, Kristyna"]
[Result "1/2-1/2"]
[WhiteElo "1680"]
[BlackElo "2108"]
[EventDate "2019.03.09"]

1. d4  Nf6  2. Nc3  c5
3. d5  g6  4. e4
d6  5. Bb5+  Nbd7
6. a4  Bg7  7. Nf3
O-O  8. O-O  Ne8
9. Re1  e5  10. Bd3
h6  11. Nd2  f5
12. exf5  gxf5  13. f4  e4
14. Be2  Bd4+  15. Kh1
Bf2  16. Rf1  Qh4
17. Nc4  Bg3  18. h3
Ndf6  19. Bd2  Kh7
20. Be1  Rg8  21. Nb5
Rg6  22. Qd2  Ng7
23. Bxg3  Qxg3  24. Bd1
Ngh5  25. Qf2  Bd7
26. Ra3  Qxf2  27. Rxf2
Ng3+  28. Kh2  Rag8
29. Nbxd6  Nxd5  30. Nxb7
e3  31. Rxe3  Nxe3
32. Nxe3  Ne4  33. Rf1
Bxa4  34. c3  Bxd1
35. Rxd1  Rb6  36. Na5
Kg6  37. Nac4  Re6
38. Ne5+  Kf6  39. Rd7
Rxe5  40. fxe5+  Kxe5
41. Rxa7  Rd8  42. Re7+
Kf4  43. Nc4  Rd1
44. g4  Rc1  45. gxf5
Rc2+  46. Kg1  Ng5
47. f6  Kg3  48. Re3+
Nf3+  49. Rxf3+  Kxf3
50. f7  Rc1+  51. Kh2
Rc2+  1/2-1/2

[Event "MCR mladeze 2019 - D16"]
[Site "Kouty nad Desnou"]
[Date "2019.03.16"]
[Round "9"]
[White "Dvorakova, Olga"]
[Black "Jankovska, Hana"]
[Result "1-0"]
[WhiteElo "1715"]
[BlackElo "1164"]
[EventDate "2019.03.09"]

1. d4  f5  2. Nc3  Nf6
3. Bg5  g6  4. Bxf6
exf6  5. e4  d6
6. Bd3  fxe4  7. Nxe4  Bg7
8. c3  O-O  9. Qb3+
Kh8  10. O-O-O  Nc6
11. h4  d5  12. Nd2
Re8  13. Qc2  Ne7
14. h5  g5  15. h6
Bf8  16. Ngf3  Ng8
17. Bxh7  Nxh6  18. Nf1
Re7  19. Bg6  Kg8
20. Ng3  Qd6  21. Rh2
f5  22. Ne5  Rxe5
23. dxe5  Qxg6  24. Qd2
f4  25. Nh5  Ng4
26. Qxd5+  1-0

[Event "MCR mladeze 2019 - D16"]
[Site "Kouty nad Desnou"]
[Date "2019.03.16"]
[Round "9"]
[White "Rolinkova, Lucie"]
[Black "Vsetulova, Viktorie"]
[Result "1-0"]
[WhiteElo "1639"]
[BlackElo "1306"]
[EventDate "2019.03.09"]

1. d4  d5  2. Bf4  Nf6
3. Nf3  c5  4. c3
Qb6  5. Qb3  c4
6. Qc2  Nc6  7. e3  Bf5
8. Qc1  h6  9. h3
e6  10. Nbd2  Be7
11. b3  cxb3  12. axb3
Rc8  13. c4  O-O
14. Be2  Qd8  15. O-O
b6  16. Ne5  a5
17. Ndf3  Ne4  18. Nxc6  Rxc6
19. Ne5  Rc8  20. f3
Nf6  21. Bd3  Bxd3
22. Nxd3  Nd7  23. e4
Rc6  24. Qc3  Qc8
25. Rfc1  Qb7  26. Be3
Rfc8  27. exd5  exd5
28. Ra4  b5  29. Rxa5
bxc4  30. bxc4  Rxc4
31. Qa1  Bf6  32. Ra7
Qb3  33. Ra3  Qb6
34. Rb1  Qe6  35. Re1
Qf5  36. Rd1  Kh7
37. Ra4  Rc2  38. Ra2
R2c4  39. Ra4  Rxa4
40. Qxa4  Rc4  41. Qa7
Qg6  42. Qxd7  Rc2
43. Nf4  Qg3  44. Qg4
Qxg4  45. hxg4  1-0

[Event "MCR mladeze 2019 - D16"]
[Site "Kouty nad Desnou"]
[Date "2019.03.16"]
[Round "9"]
[White "Gregurkova, Nikola"]
[Black "Steinova, Kamila"]
[Result "1-0"]
[WhiteElo "1687"]
[BlackElo "1378"]
[EventDate "2019.03.09"]

1. e4  e5  2. Nf3  Nc6
3. Bb5  d6  4. d4
exd4  5. Nxd4  Bd7
6. Nc3  g6  7. O-O
Bg7  8. Nxc6  Bxc6
9. Bxc6+  bxc6  10. Re1
Ne7  11. Bg5  f6
12. Bh4  O-O  13. Qd3
c5  14. Nd5  Nxd5
15. Qxd5+  Kh8  16. Rad1
Qc8  17. f4  Qg4
18. Bg3  g5  19. f5
h5  20. Qd3  h4
21. Bf2  Qh5  22. h3  Rfd8
23. b3  a5  24. a4
Rf8  25. Qf3  Qxf3
26. gxf3  Rfe8  27. Rd5
Re5  28. Red1  Rae8
29. Kg2  Kg8  30. Rxe5
fxe5  31. Be3  Bf6
32. Kf2  Kh7  33. Ke2
Rd8  34. Rd3  Kh6
35. Kd2  Be7  36. Kc3
c6  37. Kc4  Ra8
38. Rd1  Rd8  39. Rd3
Ra8  40. Bd2  Ra6
41. Bc3  Kg7  42. Rd1
Ra8  43. Rg1  Kh7
44. Rg2  Ra6  45. Rg4
Bf6  46. Bd2  Kh6
47. Rxh4+  Kg7  48. Rg4
Ra8  49. Bxg5  Bxg5
50. Rxg5+  Kf6  51. Rg6+
Ke7  52. h4  Rh8
53. Rg4  Kf6  54. c3
1-0

[Event "MCR mladeze 2019 - D16"]
[Site "Kouty nad Desnou"]
[Date "2019.03.16"]
[Round "9"]
[White "Saskova, Renata"]
[Black "Huskova, Agata"]
[Result "0-1"]
[WhiteElo "1284"]
[BlackElo "1406"]
[EventDate "2019.03.09"]

1. e4  e5  2. Nf3  Nc6
3. d4  exd4  4. Nxd4
Bc5  5. Nb3  Bb6
6. a4  a6  7. Bc4
d6  8. O-O  h6
9. Kh1  Nf6  10. Nc3  Be6
11. Bxe6  fxe6  12. f4
O-O  13. Bd2  Qe7
14. Qf3  Nd4  15. Nxd4
Bxd4  16. Rae1  e5
17. f5  Qf7  18. Qg3
Qh5  19. h3  Kh7
20. Rf3  Rg8  21. b3
g5  22. fxg6+  Qxg6
23. Qxg6+  Rxg6  24. Nd5
Nxd5  25. exd5  Rag8
26. Rf7+  R8g7  27. Rxg7+
Kxg7  28. Rf1  Rg3
29. Kh2  Rg6  30. c3
Bb6  31. b4  c6
32. dxc6  bxc6  33. c4  d5
34. cxd5  cxd5  35. Re1
e4  36. b5  axb5
37. axb5  Bc7+  38. Kg1
Bb6+  39. Kf1  Rf6+
40. Ke2  Rf2+  41. Kd1
Rxg2  42. Bc3+  d4
43. Bd2  e3  44. Bc1
Rg5  45. Bb2  Rxb5
46. Kc2  Kg6  47. Bc1
Rh5  48. Rh1  Kf5
49. Kd3  Kf4  50. Bb2
Kf3  51. Bxd4  Bxd4
52. Kxd4  Kg2  53. Re1
Rxh3  54. Re2+  Kf1
55. Rxe3  Rh1  56. Ke4
Kf2  57. Rf3+  Kg2
58. Rf6  h5  59. Rh6
h4  60. Kf4  h3
61. Kg4  h2  0-1

[Event "MCR mladeze 2019 - D16"]
[Site "Kouty nad Desnou"]
[Date "2019.03.16"]
[Round "9"]
[White "Leksova, Sona"]
[Black "Otahalova, Nela"]
[Result "1/2-1/2"]
[WhiteElo "1432"]
[BlackElo "1343"]
[EventDate "2019.03.09"]

1. e4  e5  2. Nf3  Nf6
3. Nc3  Bb4  4. d3
Nc6  5. a3 Bxc3+  6. bxc3
d5  7. Bg5  dxe4
8. Bxf6  Qxf6  9. dxe4
Bg4  10. Be2  O-O
11. O-O  Rad8  12. Nd2
Bxe2  13. Qxe2  Rd7
14. Nc4  Rfd8  15. Rfd1
Rxd1+  16. Rxd1  a6
17. Rxd8+  Qxd8  18. Qd3
Qg5  19. g3  Qe7
20. Qd5  h6  21. a4
Kh7  22. Ne3  g6
23. f4  Kg8  24. fxe5
Qxe5  25. Qxe5  Nxe5
26. h3  Kg7  27. Kf2
c6  28. g4  Kf6
29. Kg3  Ke6  30. h4  Nd7
31. Kf3  Nc5  32. a5
Na4  33. Nc4  Nxc3
34. Kf4  Ne2+  35. Ke3
Nc3  36. Kd4  Nb5+
37. Kc5  Kd7  38. e5
Kc7  39. Nd6  Nxd6
40. exd6+  Kd7  41. Kb6
Kxd6  42. Kxb7  f6
43. Kxa6  Kc7  44. c4
h5  45. gxh5  gxh5
46. Ka7  f5  47. c5
f4  48. a6  f3
49. Ka8  f2  50. a7  Kd7
51. Kb8  f1=Q  52. a8=Q
Qf4+  53. Ka7  Qa4+
54. Kb8  Qb5+ 55. Qb7+ Ke6 56. Kc7 Qxc5
1/2-1/2

[Event "MCR mladeze 2019 - D16"]
[Site "Kouty nad Desnou"]
[Date "2019.03.16"]
[Round "9"]
[White "Tutkova, Ludmila"]
[Black "Markova, Katerina"]
[Result "0-1"]
[WhiteElo "1133"]
[BlackElo "1097"]
[EventDate "2019.03.09"]

1. b3  Nf6  2. Bb2  d5
3. e3  c6  4. g3
g6  5. Bg2  Bg7
6. Ne2  O-O  7. d3  Bf5
8. O-O  Nbd7  9. c4
e5  10. cxd5  cxd5
11. Nbc3  Nb6  12. e4
Bg4  13. Qd2  Qd7
14. Rfe1  d4  15. Nd5
Nbxd5  16. exd5  Nxd5
17. Rac1  a5  18. a4
Bf5  19. Ba3  Rfc8
20. Rxc8+  Rxc8  21. Qxa5
Nc3  22. Nxc3  dxc3
23. Rc1  c2  24. Qd2
Qxd3  25. Qxd3  Bxd3
26. Bxb7  Rc7  27. Bd5
Bh6  28. Re1  c1=Q
29. Bxc1  Rxc1  30. Rxc1
Bxc1  31. Kg2  Bc2
32. f3  Bd2  33. h4
Kg7  34. Kh3  f5
35. Kg2  e4  36. fxe4
fxe4  37. Kf2  Bd3
38. Bc4  Bxc4  39. bxc4 Kf6 40.
Ke2  Bb4  41. Ke3  Ke5 42. g4
Bc5+  43. Ke2  Kf4  44. a5
Kxg4  45. a6  Kxh4
46. Ke1  Kg3  47. Ke2
Kg2  48. Ke1  h5
0-1

[Event "MCR mladeze 2019 - H12"]
[Site "Kouty nad Desnou"]
[Date "2019.03.16"]
[Round "9"]
[White "Nemec, Jachym"]
[Black "Mohapl, Tomas"]
[Result "1-0"]
[WhiteElo "1820"]
[BlackElo "1575"]
[EventDate "2019.03.09"]

1. e4  c5  2. Nf3  d6
3. d4  cxd4  4. Nxd4
Nf6  5. Nc3  a6
6. Bg5  Nbd7  7. f4  Qc7
8. Qe2  b5  9. O-O-O
Bb7  10. Bxf6  Nxf6
11. e5  dxe5  12. fxe5
Nd7  13. e6  Nf6
14. exf7+  Kxf7  15. Qe6+
Ke8  16. Ndxb5  Qf4+
17. Kb1  Rd8  18. Rxd8+
Kxd8  19. Bc4  Nd7
20. Rd1  Bc8  21. Qb6+
1-0

[Event "MCR mladeze 2019 - H12"]
[Site "Kouty nad Desnou"]
[Date "2019.03.16"]
[Round "9"]
[White "Paseka, Matyas"]
[Black "Hladky, Tadeas"]
[Result "1-0"]
[WhiteElo "1929"]
[BlackElo "1700"]
[EventDate "2019.03.09"]

1. e4  e5  2. Nf3  Nc6
3. Bb5  Nf6  4. d3
Bc5  5. O-O  d6 6. c3
O-O  7. h3  h6
8. Re1  a6  9. Ba4  Ba7
10. Nbd2  Ne7  11. Nf1
Ng6  12. Ng3  c6
13. d4  Bd7  14. Bb3
Qc7  15. Nf5  Rad8
16. Bxh6  gxh6  17. Nxh6+
Kg7  18. Nf5+  Bxf5
19. exf5  Nf4  20. g3
Nxh3+  21. Kg2  Nxf2
22. Kxf2  Ng4+  23. Kg2
Rh8  24. Nh4  Nf6
25. Qd2  Rh5  26. Bd1
Rh6  27. Qg5+  Kh7
28. Bc2  Rg8  29. Ng6
fxg6  30. Qxf6  g5
31. Rh1  1-0

[Event "MCR mladeze 2019 - H12"]
[Site "Kouty nad Desnou"]
[Date "2019.03.16"]
[Round "9"]
[White "Brozka, Karel"]
[Black "Werner, Hong Quan Dan"]
[Result "1-0"]
[WhiteElo "1863"]
[BlackElo "1723"]
[EventDate "2019.03.09"]

1. d4  Nf6  2. Bf4  g6
3. e3  Bg7  4. Bd3
d6  5. c3  O-O
6. Qc2  Re8  7. Nf3  Bg4
8. Nbd2  Nbd7  9. e4
e5  10. Be3  Qe7
11. dxe5  Nxe5  12. Nxe5
dxe5  13. O-O  Rad8
14. f3  Be6  15. Rad1
Nh5  16. Nb3  b6
17. Bb5  Rxd1  18. Rxd1
Rd8  19. Rxd8+  Qxd8
20. Qd2  Qa8  21. Bd7
Bc4  22. Nc1  Nf6
23. b3  Ba6  24. Bh3
Bb7  25. a4  Bf8
26. Bg5  Ne8  27. Nd3
Bd6  28. b4  a5
29. b5  Ng7  30. Bf6  Qe8
31. Bg4  c6  32. Qh6
Bf8  33. Nxe5  Nh5
34. Qg5  Nxf6  35. Qxf6
Bg7  36. Nd7  Qxd7
37. Qxg7+  Kxg7  38. Bxd7
c5  39. Kf2  Kf6
40. h4  Ke7  41. Bh3
Kd8  42. Ke3  Bc8
43. Bxc8  Kxc8  44. Kf4
h6  45. Ke5  Kd7
46. Kf6  Kd6  47. f4 Kd5 1-0

[Event "MCR mladeze 2019 - H12"]
[Site "Kouty nad Desnou"]
[Date "2019.03.16"]
[Round "9"]
[White "Lang, Simon"]
[Black "Buchta, Bartolomej"]
[Result "1-0"]
[WhiteElo "1448"]
[BlackElo "1648"]
[EventDate "2019.03.09"]

1. e4  c5  2. c3  d5
3. exd5  Qxd5  4. d4
Nf6  5. Nf3  e6
6. Na3  cxd4  7. Nb5  Qd8
8. Nbxd4  Be7  9. Bf4
O-O  10. Be2  Nd5
11. Bg3  Bf6  12. O-O
a6  13. a4  Nd7
14. c4  Ne7  15. Qc2  Qb6
16. Rfd1  e5  17. Nb3
Nc5  18. Nxc5  Qxc5
19. Rab1  Bf5  20. Bd3
Bxd3  21. Qxd3  Nc6
22. Nd2  Rad8  23. Ne4
Qb4  24. Nxf6+  gxf6
25. Qe4  Rxd1+  26. Rxd1
Qxa4  27. Qg4+  Kh8
28. Bh4  Qxd1+  29. Qxd1
f5  30. Bf6+  Kg8
31. Qh5  1-0

[Event "MCR mladeze 2019 - H12"]
[Site "Kouty nad Desnou"]
[Date "2019.03.16"]
[Round "9"]
[White "Smolik, Jachym"]
[Black "Dolensky, Filip"]
[Result "1-0"]
[WhiteElo "1698"]
[BlackElo "1698"]
[EventDate "2019.03.09"]

1. e4  c5  2. Nf3  a6
3. c3  Qa5  4. Be2
Nc6  5. O-O  e6
6. d4  cxd4  7. cxd4  Nf6
8. Nc3  d5  9. e5
Nd7  10. Be3  g6
11. Qd2  h6  12. a3
b5  13. b4  Qd8
14. Ne1  Bb7  15. f4  h5
16. Bd3  Ne7  17. Nf3
Nf5  18. Ng5  Be7
19. Ne2  Nb6  20. Bf2
Rc8  21. Nf3  Rg8
22. Ng3  Nc4  23. Qe2
Nxg3  24. hxg3  Qd7
25. Nh2  Kd8  26. Qa2
g5  27. Qe2  gxf4
28. gxf4  h4  29. Be1
f5  30. exf6 Bxf6  31. Nf3
h3  32. g3  Rc6
33. Kh2  Qg7 34. Bf2  Bc8  35. a4
Qc7 36. Ne5 Nxe5  37. dxe5  Be7
38. axb5  axb5  39. Ra7
Bb7  40. Bxb5 Rc2  41. Qf3
Qb6  42. Be2  d4
43. Rxb7 1-0

[Event "MCR mladeze 2019 - H12"]
[Site "Kouty nad Desnou"]
[Date "2019.03.16"]
[Round "9"]
[White "Fizer, Marek"]
[Black "Vasinek, Martin"]
[Result "0-1"]
[WhiteElo "1628"]
[BlackElo "1406"]
[EventDate "2019.03.09"]

1. e4  d6  2. d4  g6
3. Nc3  Nf6  4. Be3
a6  5. f3  b5
6. Qd2  Bb7  7. O-O-O  Nc6
8. Kb1  Qd7  9. Nh3
O-O-O  10. Ng5  e6
11. d5  exd5  12. exd5
Ne5  13. f4  Neg4
14. Bd4  Bg7  15. Be2
Nh6  16. Rhf1  Rde8
17. Bxf6  Bxf6  18. Nce4
Bxg5  19. Nxg5  f6
20. Nh3  Ng4  21. Bxg4
Qxg4  22. Rde1  Qf5
23. Qd4  Bxd5  24. g4
Qxg4  25. Qxd5  Qxh3
26. Qa8+  Kd7  27. Qxa6
Qf5  28. Qa5  Qc5
29. Qd2  Qf5  30. Qc3
Rhf8  31. Qg3  Ra8
32. Qe3  Rfe8  33. Qb3
Rxe1+  34. Rxe1  Kc6
35. Qc3+  Kb6  36. Re7
c5  37. Qf3  Ra7
38. Re8  Qd7  39. Rb8+
Rb7  40. Ra8  Ra7
41. Rh8  Qe6  42. Qc3
Qxa2+  43. Kc1  Qd5
44. b3  Qh1+  45. Kd2
Qxh2+  46. Kd3  Qxf4
47. Rb8+  Kc7  48. Rf8
Qf3+  49. Kd2  Qxc3+
50. Kxc3  f5  51. Rf7+
Kb6  52. Rf6  Kc6
0-1

[Event "MCR mladeze 2019 - H12"]
[Site "Kouty nad Desnou"]
[Date "2019.03.16"]
[Round "9"]
[White "Pressler, Tobias"]
[Black "Matusik, Ondrej"]
[Result "1-0"]
[WhiteElo "1509"]
[BlackElo "1417"]
[EventDate "2019.03.09"]

1. d4  Nf6  2. Nf3  e6
3. e3  b6  4. Bd3
Bb7  5. Nbd2  Be7
6. O-O  O-O  7. b3
d5  8. Bb2  Nbd7
9. Ne5  Nxe5  10. dxe5
Nd7  11. f4  c5
12. Qh5  h6  13. f5  exf5
14. Rxf5  Bg5  15. Qh3
Nb8  16. Rf2  Nc6
17. e6  Bc8  18. Qf5
g6  19. exf7+  1-0

[Event "MCR mladeze 2019 - H12"]
[Site "Kouty nad Desnou"]
[Date "2019.03.16"]
[Round "9"]
[White "Tajovsky, Simon"]
[Black "Vilimek, Vit"]
[Result "1-0"]
[WhiteElo "1453"]
[BlackElo "1469"]
[EventDate "2019.03.09"]

1. d4  Nf6  2. c4  g6
3. Nc3  Bg7  4. e4
d6  5. f3  O-O
6. Be3  e5  7. d5  a5
8. Qd2  Na6  9. O-O-O
Nd7  10. h4  Ndc5
11. h5  Bd7  12. Bh6
Bf6  13. Kb1  Re8
14. Nh3  Bg7  15. hxg6
fxg6  16. Be2  Bxh6
17. Qxh6  Bxh3  18. Rxh3
Qd7  19. Rdh1  Re7
20. Rg3  Rg7  21. f4
exf4  22. Qxf4  Rf8
23. Qh4  Nb4  24. a3
Nba6  25. Bf3  Nb3
26. Bg4  Qe7  27. Be6+
Kh8  28. Qxe7  Rxe7
29. Rxg6  Nac5  30. Ka2
Nxe6  31. Kxb3  Nc5+
32. Ka2  Rf2  33. Rg4
Nd3  34. Nd1  Rd2
35. Rf1  Re8  36. Kb3
Rxd1  37. Rxd1  Nf2
38. Rd4  Nxg4  39. e5
Nxe5  40. Re4  Kg7
41. Ka4  Kg6  42. b4
axb4  43. axb4  Kg5
44. c5  dxc5  45. bxc5
Kf5  46. Re1  Nd3
47. Rxe8  Nxc5+  48. Kb5
Ne4  49. Re7  Nd6+
50. Kc5  h5  51. Rxc7
Ne4+  52. Kd4  Nd6
53. Rd7  Nb5+  54. Kc5
Nc3  55. Rxb7  h4
56. Rg7  Ne4+  57. Kc6
1-0

[Event "MCR mladeze 2019 - H12"]
[Site "Kouty nad Desnou"]
[Date "2019.03.16"]
[Round "9"]
[White "Kopecky, Matej"]
[Black "Kubin, Tomas Daniel"]
[Result "1/2-1/2"]
[WhiteElo "1321"]
[BlackElo "1415"]
[EventDate "2019.03.09"]

1. d4  d5  2. Nf3  Nf6
3. c4  e6  4. Nc3
Be7  5. Bg5  Nbd7
6. e3  O-O  7. cxd5
exd5  8. Bd3  c6
9. Qc2  Re8  10. O-O
Nf8  11. Rab1  Ng6
12. b4  Ne4  13. Bxe7
Qxe7  14. h3  Bd7
15. b5  Bf5  16. bxc6
bxc6  17. Bxe4  dxe4
18. Nd2  Nh4  19. Ne2
Rac8  20. Ng3  Bg6
21. Rfc1  Rc7  22. Qc5
f5  23. Qxe7  Rexe7
24. Nc4  Be8  25. Rb8
1/2-1/2

[Event "MCR mladeze 2019 - H14"]
[Site "Kouty nad Desnou"]
[Date "2019.03.16"]
[Round "9"]
[White "Vojta, Jakub"]
[Black "Jun, Rudolf"]
[Result "1/2-1/2"]
[WhiteElo "2125"]
[BlackElo "2033"]
[EventDate "2019.03.09"]

1. d4  Nf6  2. Nc3  d5
3. Bg5  Nbd7  4. Nf3
g6  5. e3  Bg7
6. Bd3  O-O  7. h4  h5
8. Qd2  c6  9. O-O-O
b5  10. Bxf6  Nxf6
11. Ne5  Qd6  12. Rdg1
Nd7  13. Nxd7  Bxd7
14. f3  e5  15. dxe5
Qxe5  16. g4  hxg4
17. fxg4  b4  18. Nd1
c5  19. h5  c4
20. h6  Bf6  21. Bxc4  dxc4
22. h7+  Kh8  23. Qxd7
Rad8  24. Qc6  Rc8
25. Qf3  b3  26. Nc3
bxa2  27. Kd2  Bg7
28. Ra1  f5  29. g5
f4  30. e4  Rcd8+
31. Ke2  Qxg5  32. Rxa2
Qc5  33. Nd5  Rde8
34. Kf1  Qd4  35. c3
Qxe4  36. Qxe4  Rxe4
37. Rxa7  Rfe8  38. Kf2
R4e5  39. Rd7  g5
40. Kf3  Re2  41. Rxg7
Kxg7  42. h8=Q+  Rxh8
43. Rxh8  Rd2  44. Rd8
Rxb2  45. Rc8  Kg6
46. Rxc4  Kf5  47. Ne7+
Ke6  48. Re4+  Kd6
49. Nf5+  Kc5  50. Nd4
Kd5  51. Re2  Rb1
52. Rg2  Kc4  53. Rxg5
Kxc3  54. Ne2+  Kc4
1/2-1/2

[Event "MCR mladeze 2019 - H14"]
[Site "Kouty nad Desnou"]
[Date "2019.03.16"]
[Round "9"]
[White "Babula, Vlastimil"]
[Black "Mach, Petr"]
[Result "1-0"]
[WhiteElo "2040"]
[BlackElo "1974"]
[EventDate "2019.03.09"]

1. e4  c5  2. Nf3  Nc6
3. d4  cxd4  4. Nxd4
g6  5. Nc3  Bg7
6. Be3  Nf6  7. Bc4  O-O
8. Bb3  d6  9. h3
Na5  10. O-O  b6
11. Re1  Bb7  12. Bg5
Nxb3  13. axb3  h6
14. Bh4  Qd7  15. Qd2
Nh5  16. f4  e5
17. Ndb5  Nxf4  18. Qxd6  Qxd6
19. Nxd6  Bc6  20. Be7
Rfb8  21. Ra6  Bf8
22. Bxf8  Kxf8  23. Rea1
Rd8  24. Nc4  f6
25. Rxa7  Rxa7  26. Rxa7
Rd4  27. Nxb6  Rd2
28. Rc7  Be8  29. Ncd5
Nxg2  30. Rc3  Ne1
31. Nxf6  Bc6  32. Kf1
Nxc2  33. Rxc6  Nd4
34. Rc3  Rd1+  35. Kf2
Kg7  36. Ng4  Rd2+
37. Ke3  1-0

[Event "MCR mladeze 2019 - H14"]
[Site "Kouty nad Desnou"]
[Date "2019.03.16"]
[Round "9"]
[White "Hrbek, Stepan"]
[Black "Neumann, Filip"]
[Result "1/2-1/2"]
[WhiteElo "1994"]
[BlackElo "1897"]
[EventDate "2019.03.09"]

1. e4  c5  2. Nf3  d6
3. d4  cxd4  4. Nxd4
Nf6  5. Nc3  g6
6. Be2  Bg7  7. O-O  O-O
8. Bg5  Nc6  9. Nb3
Be6  10. Kh1  Qc8
11. f4  Bg4  12. Nd5
Bxe2  13. Qxe2  Re8
14. c3  Nd7  15. Rad1
e6  16. Ne3  Nc5
17. Nxc5  dxc5  18. Nc4
Qc7  19. e5  Bf8
20. Nd6  Reb8  21. Ne4
Be7  22. Nf6+  Bxf6
23. Bxf6  Ne7  24. Qf3
Rd8  25. c4  Rxd1
26. Rxd1  Rd8  27. Rd3
Qa5  28. h3  Rxd3
29. Qxd3  Nf5  30. b4
cxb4  31. Qd7  Qc5
32. Qd8+  Qf8  33. Qc7
Qa8  34. c5  a5
35. Qb6  Nd4  36. Kh2  Nc6
37. Qc7  a4  38. Qb6
b3  39. a3  Nd4
40. Qb4  Nc2  41. Qb5  Nxa3
42. Qd7  Nc4  43. Bd8
Kg7  44. Qe8  Qxd8
45. Qxd8  b2  46. Qf6+
Kg8  47. Qd8+  Kg7
48. f5  gxf5  49. Qg5+
Kf8  50. Qd8+  Kg7
51. Qf6+  Kg8  52. Qg5+
Kf8  53. Qd8+  1/2-1/2

[Event "MCR mladeze 2019 - H14"]
[Site "Kouty nad Desnou"]
[Date "2019.03.16"]
[Round "9"]
[White "Frank, Adam"]
[Black "Kusa, Jakub"]
[Result "0-1"]
[WhiteElo "2087"]
[BlackElo "1912"]
[EventDate "2019.03.09"]

1. e4  c6  2. d4  d5
3. Nc3  dxe4  4. Nxe4
Nd7  5. Ng5  Ngf6
6. Bd3  e6  7. N1f3
Bd6  8. Qe2  h6
9. Ne4  Nxe4  10. Qxe4  Qc7
11. O-O  b6  12. Bd2
Bb7  13. c4  c5
14. Qe2  O-O  15. Bc3  Bxf3
16. Qxf3  cxd4  17. Bxd4
Bxh2+  18. Kh1  Ne5
19. Bxe5  Bxe5  20. Rab1
Rad8  21. Rfe1  Rd4
22. Re4  Rxe4  23. Qxe4
g6  24. b3  Rd8
25. g3  h5  26. Rd1  Rd4
27. Qa8+  Kg7  28. Be2
h4  29. Rxd4  Bxd4
30. Kg2  Qc5  31. Qe4
Bxf2  32. Qxh4  Qe3
33. Bf1  Qd2  34. Qe4
Qxa2  35. Qe2  Qxe2
36. Bxe2  Bc5  37. Kf3
f5  38. g4  Kf6
39. gxf5  gxf5  40. Kf4  e5+
41. Kg3  e4  42. Bh5
a5  43. Be8  Bd6+
44. Kf2  f4  45. Bc6
Ke5  46. Ke2  Bc5
0-1